| 000 | 00675nmc a2200265 a 4500 | ||
|---|---|---|---|
| 003 | AR-BaBNM | ||
| 005 | 20251128211330.0 | ||
| 008 | 224020s1998 ||||||||||||||000 | spa|| | ||
| 020 | _a950-07-1399-3 | ||
| 040 | _cAR-BaBNM | ||
| 100 | 1 | _aShua, Ana María | |
| 245 | 1 | 0 |
_aLa fábrica del terror _nII |
| 260 |
_aBuenos Aires _bSudamericana _c1998 |
||
| 300 |
_a122 p. _bil. |
||
| 490 | 0 | _aPrimera Sudamericana | |
| 650 | 4 | _aCUENTO INFANTIL | |
| 650 | 4 | _aLITERATURA ARGENTINA | |
| 650 | 4 | _aCUENTOS DE TERROR | |
| 650 | 4 | _aLITERATURA INFANTIL | |
| 655 | _aLITERATURA | ||
| 700 | 1 |
_aSanzol, Jorge _eilustrador |
|
| 800 | 0 | _aCanela | |
| 942 | _cBK | ||
| 998 | _cLaura | ||
| 999 |
_c19201 _d19201 |
||